000 00752cab a2200229 4500
001 WB3423-16
008 090401t1998 xxu||||| |||| 00| 0 eng d
035 _a(Sirsi) u86886
041 _aeng
245 _aNHS treasures unearthed
260 _c1998
350 _a0
490 _aTimes
_v16 June 1998, 2(1)
520 _a"English hospitals 1660-1948" (National Monuments Record) is a survey of national health properties, ranging from hospitals to workhouses and military establishments, useful for marketing purposes when they are being offered for sale.
650 _aHERITAGE PROPERTY
650 _aHISTORIC BUILDINGS
650 _aNHS
650 _aREDUNDANT BUILDINGS
690 _aCONSERVATION
942 _n0
948 _c18/06/1998
999 _c54710
_d54710